000 00497nam a22001817a 4500
003 OSt
005 20240621130103.0
008 240621b |||||||| |||| 00| 0 eng d
020 _a0205084753
040 _aMUST
_cMUST
082 _a530 TAF 1986
_b19
100 _aTaffel Alexander
_917590
245 _aPhysics:
_bIts Methods and Meanings/
_cAlexander Taffel.
300 _a694p.:
_bill,;
_c23.8cm.
504 _aIncludes Bibliographical Indexes.
650 _aPhysics
_9809
942 _2ddc
_cO_SHELF
999 _c8699
_d8699